| 000 | 00416nam a2200157Ia 4500 | ||
|---|---|---|---|
| 008 | 240729s9999 xx 000 0 und d | ||
| 022 | _a2286-2552 | ||
| 245 | 0 | _aEuropean Review Of Applied Sociology | |
| 260 | _aPoland | ||
| 260 | _bSciendo | ||
| 650 | _a Sociology (General) | ||
| 650 | _aSocial Sciences | ||
| 856 | _uhttps://doaj.org/toc/097a890320474dddbe726ef7a949f778 | ||
| 942 | _2ddc | ||
| 942 | _cDOAJEJ | ||
| 999 |
_c65630 _d65630 |
||
| 945 |
_a1 _bMadushi Gamage _c1 _dMadushi Gamage |
||